Нормален изглед
MARC изглед
- Robert F. Arnold
Вход 01. Лично име
001 - Контролен номер на записа
- Контролно поле: 399122
003 - Код на организацията, даваща контролен номер
- Контролно поле: BLK
005 - Дата и час на последна промяна на записа
- Контролно поле: 20191007090520.0
008 - Данни с фиксирана дължина – обща информация
- Данни с фиксирана дължина : 191007|| aca||aabn | a|a d
100 ## - ИМЕ НА ЛИЦЕ -ПЪРВИЧНА ИНТЕЛЕКТУАЛНА ОТГОВОРНОСТ
- Лично име: Robert F. Arnold
942 ## - Системна служебна употреба
- Koha auth type: PERSO_NAME